| 000 | 00854nam a22002297a 4500 | ||
|---|---|---|---|
| 999 |
_c7945 _d7945 |
||
| 003 | AR-CdUCM | ||
| 008 | 190321b ||||| |||| 00| 0 spa d | ||
| 040 |
_aMUNICIPALIDAD PROVINCIAL DEL CUSCO _cBIBLIOTECA MUNICIPAL DEL CUSCO |
||
| 041 | _hdut | ||
| 082 |
_23ed. _a631 / _bJ13 |
||
| 100 |
_aJacob, A. _922450 |
||
| 245 |
_aFertilización : _bNutrición y Abonado de los Cultivos Tropicales y Subtropicales / |
||
| 260 |
_aAlemania : _bHannover ; _c1966. |
||
| 300 |
_a626 páginas ; _bFotografías, tablas, diagramas, fórmulas _c19cm |
||
| 505 | _aContenido: Nutrientes vegetales --Abonos orgánicos -- Fertilizantes minerales -- Fertilización | ||
| 650 |
_aFertilización _922451 |
||
| 650 |
_aCultivos tropicales _922452 |
||
| 650 |
_aCultivos subtropicales _922453 |
||
| 700 |
_aUexkull, H. v. _922454 |
||
| 942 |
_2ddc _cLIBROS |
||
| 945 | _anom | ||